La enseąnza del derecho en tiempos de crisis Nuevos retos docentes del Derecho Procesal /

Detalles Bibliográficos
Autor principal: Cerrato Guri, Elisabet
Otros Autores: Pic ̤i Junoy, Joan, Přez Daud,̕ Vicente, Navarro Villanueva, Carmen
Formato: eBook
Lenguaje:español
Publicado: Barcelona: J.M. Bosch Editor, 2021
Materias:
Acceso en línea:Acceso restringido

MARC

LEADER 00000nam a22000007a 4500
005 20220519231332.0
007 cr|||| ||||
008 220519s2021 es |||||s|||| 00||0 spa d
020 |a 978-84-124357-1-9 
035 |a 35656 
040 |a vLex 
090 |c 13375  |d 13375 
100 1 |a Cerrato Guri, Elisabet 
245 1 2 |a  La enseąnza del derecho en tiempos de crisis  |h [Recurso electrn̤ico] :  |b Nuevos retos docentes del Derecho Procesal /  |c Elisabet Cerrato Guri, Joan Pic ̤i Junoy, Vicente Přez Daud,̕ Carmen Navarro Villanueva 
256 |a Servicio en ln̕ea 
260 |a Barcelona:  |b J.M. Bosch Editor,  |c 2021 
300 |a 1 recurso electrn̤ico 
500 |a La crisis sanitaria iniciada en marzo de 2020 ha conducido a todas las universidades (pb︢licas y privadas) a efectuar una profunda adaptacin̤ de sus metodologa̕s docentes: la tradicional enseąnza presencial ha tenido que ajustarse a formatos digitales inimaginables hasta el momento. Plataformas como Zoom, Meet o Teams (entre otras muchas) se han convertido en el medio habitual de contacto entre profesor-alumno en muchas universidades espaǫlas, lo que ha revolucionado no solo la docencia del profesor sino tambiň la evaluacin̤ del alumno. En este libro se exponen las dificultades que ha presentado esta adaptacin̤ docente y los resultados alcanzados. Adems̀, la continua preocupacin̤ de los profesores universitarios por ofrecer la mejor enseąnza posible del derecho procesal ha consolidado mťodos de aprendizaje que incipientemente iniciaron su andadura hace ya algunos aǫs y ha fomentado la aparicin̤ de otros nuevos en los que la participacin̤ activa del alumno en su propia formacin̤ intelectual es fundamental para que sea capaz de plantear correctamente cualquier problema y buscar la solucin̤ adecuada. Tambiň estas recientes aportaciones metodolg̤icas de la enseąnza del derecho procesal integran una parte relevante del contenido de la presente monografa̕. En definitiva, en esta obra se recoge una cincuentena de estudios de innovacin̤ docente en derecho procesal de profesores de treinta tres universidades. 
506 1 |a Disponible solo en los productos indicados  |d vLex Global  |d vLex Global (Academic Edition, excluding Law Schools)  |d vLex Global (U.S. Academic Edition, Law Schools)  |d vLex Global (U.S. Academic Edition, excluding Law Schools)  |d vLex Global (Academic Edition, Law Schools) 
650 0 4 |a Derecho Penal  |z Espaą 
650 0 4 |a Derecho Procesal  |z Espaą 
700 1 |a Pic ̤i Junoy, Joan 
700 1 |a Přez Daud,̕ Vicente 
700 1 |a Navarro Villanueva, Carmen 
740 0 |a vLex Libros (Servicio en ln̕ea) 
856 4 0 |u https://app.vlex.com/#/sources/35656  |z Acceso restringido 
942 |c BOOK 
999 0 |a Criminal Law 
999 0 |a Procedural Law